00340nam a2200109Ia 4500082001200000100001800012245010200030260000900132300000900141650004000150710004000190 aRR.000; aRastogi, S.R. 0aMigration streams and the characteristics of the migrants in two selected cities of Uttar Pradesh c1985 a29p. aMIGRATION, INTERNAL - UTTAR PRADESH aPopulation Research Centre, Lucknow